Guess the One Direction song with no hints #12 - Statistics

General Stats
  • This quiz has been taken 1,803 times
  • The average score is 141 of 260
Answer Stats
Answer % Correct
I
99%
a
98%
you
98%
the
89%
an
88%
we
85%
and
83%
And
83%
When
83%
be
82%
your
82%
To
80%
to
80%
go
77%
it
76%
It
76%
in
73%
you're
70%
(oh)
68%
So
68%
like
66%
her
65%
this
64%
Baby,
63%
for
61%
that
61%
of
60%
it's
57%
ever
56%
night
54%
I'll
53%
Could
52%
could
52%
Make
52%
make
52%
there
52%
there,
52%
feel
51%
heart
51%
never
51%
But
49%
up,
49%
I've
46%
see
46%
was
45%
way,
45%
been
44%
say,
44%
With
44%
with
44%
home
43%
alone
42%
eyes
42%
how
42%
let
42%
light
40%
out
39%
little
38%
Wanna
38%
find
37%
You'll
37%
here
34%
tonight
34%
hold
33%
last
33%
same
33%
take
33%
as
31%
dark
31%
alright
29%
something
29%
over
28%
good
27%
long,
27%
saw
27%
enough?
26%
enough
26%
face
26%
Looking
26%
lost,
26%
empty
24%
somebody
24%
alive
23%
conversation
22%
Told
22%
waiting
22%
Calling
21%
couldn't
20%
many
20%
myself
20%
thought
20%
missing
19%
smile
19%
being
18%
feeling
18%
Still
18%
stumbling
18%
hard
17%
liked
17%
nights
17%
remember
16%
kinda
15%
wake
15%
high
12%
creep
9%
starts
9%
No matching quizzes found
Score Distribution
Percent of People with Each Score
Percentile by Number Answered
Your Score History
You have not taken this quiz